• 首页
  • 本馆介绍
  • 公告通知
  • 最新文献
  • 馆藏检索
  • 电子资源
  • 读者荐购
  • 参考咨询
  • CALIS
  • 我的图书馆
  • 登录
  • 详细信息显示
  • 放入我的书架
  • 预约/预借图书
  • 作者相关作品
  • 分类相关作品
  • 丛书相关作品
  • 出版社相关作品

书目信息

  • 表格格式
  • 工作单格式
  • 卡片格式
题名:
传感器与机器视觉
    
 
作者: 杨利 , 谢永超 主编
分册:  
出版信息: 北京   电子工业出版社  2021.06
页数: 231页
开本: 26cm
丛书名:
单 册:
中图分类: TP212 , TP302.7
科图分类:
主题词: 传感器--chuan gan qi--高等学校--教材 , 计算机视觉--ji suan ji shi jue--高等学校--教材
电子资源:
ISBN: 978-7-121-41277-6
 
 
 
 
 
000 01410nam0 2200301 450
001 CAL 0120217206646
005 20210720172502.9
010    @a978-7-121-41277-6@dCNY55.00
100    @a20210720d2021 em y0chiy0120 ea
101 0  @achi
102    @aCN@b110000
105    @aak a 000yy
106    @ar
200 1  @a传感器与机器视觉@Achuan gan qi yu ji qi shi jue@f主编杨利, 谢永超
210    @a北京@c电子工业出版社@d2021.06
215    @a231页@c图@d26cm
252    @a高等院校“互联网+”系列精品教材
320    @a有书目 (第231页)
330    @a本书主要包括: 认识传感器、温度传感器、力传感器、速度传感器、位移传感器、机器视觉六章。针对每一种传感器, 本书主要简述传感器的外形和结构、工作原理, 重点阐述传感器的使用方法或应用范例, 特别介绍传感器的特性参数和选型技巧。机器视觉是用机器人代替人眼进行测量和判断的技术, 其作为人工智能快速发展的一个分支, 已被广泛应用于电子、汽车、冶金、食品饮料、零配件装配及制造等行业, 本书创新地引入机器视觉这一新技术, 围绕“什么是机器视觉”“机器视觉的核心”“机器视觉应用实例”三大主题对机器视觉的相关内容进行介绍。
333    @a省级精品在线开放课程配套教材
606 0  @a传感器@Achuan gan qi@x高等学校@j教材
606 0  @a计算机视觉@Aji suan ji shi jue@x高等学校@j教材
690    @aTP212@v5
690    @aTP302.7@v5
701  0 @a杨利@Ayang li@4主编
701  0 @a谢永超@Axie yong chao@4主编
801  0 @aCN@b人天书店@c20210720
905    @aTSG@b0001255@dTP212@eY223@f2
    
    传感器与机器视觉/主编杨利, 谢永超.-北京:电子工业出版社,2021.06
    231页:图;26cm
    使用对象:省级精品在线开放课程配套教材
    
    ISBN 978-7-121-41277-6:CNY55.00
    本书主要包括: 认识传感器、温度传感器、力传感器、速度传感器、位移传感器、机器视觉六章。针对每一种传感器, 本书主要简述传感器的外形和结构、工作原理, 重点阐述传感器的使用方法或应用范例, 特别介绍传感器的特性参数和选型技巧。机器视觉是用机器人代替人眼进行测量和判断的技术, 其作为人工智能快速发展的一个分支, 已被广泛应用于电子、汽车、冶金、食品饮料、零配件装配及制造等行业, 本书创新地引入机器视觉这一新技术, 围绕“什么是机器视觉”“机器视觉的核心”“机器视觉应用实例”三大主题对机器视觉的相关内容进行介绍。
●
相关链接 在E读中查询图书 在当当中查询图书 在豆瓣中查询图书


正题名:传感器与机器视觉     索取号:TP212/Y223         预约/预借

序号 登录号 条形码 馆藏地/架位号 状态 备注
1 1532604   215326047   自科库301/301自科库 40排1列5层/ [索取号:TP212/Y223] 在馆    
2 1532605   215326056   自科库301/301自科库 40排1列5层/ [索取号:TP212/Y223] 在馆    
河南城建学院图书馆 欢迎您!
大连网信软件有限公司© 版权所有